Catálogo público

Mejores cosechas, mejores almacenadas : la función del almacenamiento en el abastecimiento mundial de alimentos (Record no. 172366)

MARC details
000 -CABECERA
campo de control de longitud fija 00812nam a2200265Ia 4500
001 - NÚMERO DE CONTROL
campo de control dia_1827
003 - IDENTIFICADOR DEL NÚMERO DE CONTROL
campo de control CHAP
005 - FECHA Y HORA DE LA ÚLTIMA TRANSACCIÓN
campo de control 20251021151154.0
008 - DATOS DE LONGITUD FIJA--INFORMACIÓN GENERAL
campo de control de longitud fija 220117s1969 xx 000 0 und d
010 ## - NÚMERO DE CONTROL DE LA BIBLIOTECA DEL CONGRESO
Número de control de LC 172366
040 ## - FUENTE DE LA CATALOGACIÓN
Centro/agencia transcriptor CHAP
082 ## - NÚMERO DE LA CLASIFICACIÓN DECIMAL DEWEY
Número de clasificación 631.55 M45 1969
110 ## - ENTRADA PRINCIPAL--NOMBRE DE ENTIDAD CORPORATIVA
Nombre de entidad corporativa o nombre de jurisdicción como elemento de entrada FAO
9 (RLIN) 39428
245 ## - MENCIÓN DE TÍTULO
Título Mejores cosechas, mejores almacenadas : la función del almacenamiento en el abastecimiento mundial de alimentos
260 ## - PUBLICACIÓN, DISTRIBUCIÓN, ETC.
Lugar de publicación, distribución, etc. Italia :
Nombre del editor, distribuidor, etc. FAO,
Fecha de publicación, distribución, etc. 1969
300 ## - DESCRIPCIÓN FÍSICA
Extensión vii, 59 p.
410 ## - MENCIÓN DE SERIE/PUNTO DE ACCESO ADICIONAL--ENTIDAD CORPORATIVA [OBSOLETO, CAN/MARC], [LOCAL, USA]
Nombre de entidad corporativa o nombre de jurisdicción como elemento de entrada EL MUNDO Y SU ALIMENTACIÓN, 9
440 ## - MENCIÓN DE SERIE/PUNTO DE ACCESO ADICIONAL--TÍTULO
Título El mundo y su alimentación ; 9
9 (RLIN) 151636
590 ## - NOTA LOCAL (RLIN)
Nota local TX601 M45 1969
650 ## - PUNTO DE ACCESO ADICIONAL DE MATERIA--TÉRMINO DE MATERIA
Término de materia o nombre geográfico como elemento de entrada Conservación de alimentos
9 (RLIN) 140138
901 ## - ELEMENTOS DE DATOS A LOCAL LDA (RLIN)
a 631.55 M45 1969
902 ## - ELEMENTOS DE DATOS B LOCAL, LDB (RLIN)
a M
905 ## - ELEMENTOS DE DATOS E LOCAL, LDE (RLIN)
a 5232271969 it n 8222223322spa16
942 ## - ELEMENTOS DE PUNTO DE ACCESO ADICIONAL (KOHA)
Tipo de ítem Koha Libro
Fuente del sistema de clasificación o colocación Dewey Decimal Classification
Holdings
Estado de retiro Estado de pérdida Fuente del sistema de clasificación o colocación Estado dañado Restricciones de uso No para préstamo Código de colección Localización permanente Ubicación/localización actual Fecha de adquisición Fuente de adquisición Coste, precio normal de compra Total de préstamos Signatura topográfica completa Código de barras Fecha visto por última vez Número de copia Tipo de ítem Koha
    Dewey Decimal Classification   Préstamo 5 días   General Ingenieria Agroindustrial Ingenieria Agroindustrial 29/12/1978 Compra Patena F. 65209/15 / Vale 10944 (29-12-78) 34.00   631.55 M45 1969 dia_001240 18/01/2022 Ej. 2 Libro
    Dewey Decimal Classification   Préstamo interno   General Ingenieria Agroindustrial Ingenieria Agroindustrial 29/12/1978 Compra Patena F. 65209/15 / Vale 10944 (29-12-78) 34.00   631.55 M45 1969 dia_001239 18/01/2022 Ej. 1 Libro